| 000 | 00342nam a2200145Ia 4500 | ||
|---|---|---|---|
| 003 | LK-CoDNM | ||
| 008 | 010623t xxu||||| |||| 00| 1 Illegeable d | ||
| 040 |
_aLK-CoDNM _dLK-CoDNM _eLK-CoDNM |
||
| 041 | _aIllegeable | ||
| 080 | _a69 | ||
| 245 | _aStudia Iranica | ||
| 260 | _bRecherche Scientifique | ||
| 300 | _b45p., 26 cm | ||
| 942 | _cBK | ||
| 999 |
_c135816 _d135816 |
||